Grimm Episodes part 2 - Statistics

General Stats
  • This quiz has been taken 6 times
  • The average score is 20 of 57
Answer Stats
season name of ep % Correct
Breakfast in Bed
67%
Chupacabra
67%
Dyin' on a Prayer
67%
The End
67%
The Grimm Who Stole Christmas
67%
The Seven Year Itch
67%
The Taming of the Wu
67%
You Don't Know Jack
67%
A Reptile Dysfunction
33%
Bad Luck
33%
Bad Night
33%
Beginning of the End: Part 1
33%
Beginning of the End: Part 2
33%
Blind Love
33%
Blood Magic
33%
Clear and Wesen Danger
33%
Cry Havoc
33%
Cry Luison
33%
Death Do Us
33%
Double Date
33%
El Cuegle
33%
Eve of Destruction
33%
6 Fugitive
33%
Headache
33%
Heartbreaker
33%
Into the Schwartzwald
33%
Inugami
33%
Iron Hans
33%
Key Move
33%
Last Fight
33%
Lost Boys
33%
Lycanthropia
33%
Maiden Quest
33%
Map of the Seven Knights
33%
Mishipeshu
33%
Oh Captain, My Captain
33%
Silence of the Slams
33%
Skin Deep
33%
Star-Crossed
33%
4 Thanks for the Memories
33%
5 The Grimm Identity
33%
The Rat King
33%
The Son Also Rises
33%
Tree People
33%
Trial By Fire
33%
Tribunal
33%
Trust Me Knot
33%
Wesen Nacht
33%
Wesenrein
33%
Where the Wild Things Were
33%
Zerstorer Shrugged
33%
Good to the Bone
0%
Hiberaculum
0%
Highway of Tears
0%
Marechaussee
0%
Octopus Head
0%
The Believer
0%
No matching quizzes found
Score Distribution
Percent of People with Each Score
Percentile by Number Answered
Your Score History
You have not taken this quiz